|
|
|
|
| LEADER |
01094nam a2200265 a 4500 |
| 001 |
3357439 |
| 003 |
BD-DhAAL |
| 008 |
090916s1985 bcca b 001 0 eng d |
| 010 |
|
|
|a \\\86149096
|
| 020 |
|
|
|a 0774802278 (pbk.)
|
| 040 |
|
|
|a DLC
|c DLC
|d DLC
|
| 082 |
0 |
0 |
|a 362.70971
|2 20
|
| 245 |
0 |
4 |
|a The Challenge of child welfare /
|c edited by Kenneth L. Levitt and Brian Wharf.
|
| 260 |
|
|
|a Vancouver :
|b University of British Columbia Press,
|c 1985.
|
| 300 |
|
|
|a xiii, 310 pages :
|b illustrations ;
|c 23 cm
|
| 504 |
|
|
|a Includes bibliographical references (p. [302]-305) index.
|
| 541 |
1 |
|
|e 00003476
|
| 650 |
|
0 |
|a Child welfare
|z Canada.
|9 58914
|
| 650 |
|
0 |
|a Child welfare
|v Government policy
|z Canada.
|9 58915
|
| 700 |
1 |
|
|a Levitt, Kenneth L.
|q (Kenneth Leslie),
|d 1937-
|9 58916
|
| 700 |
1 |
|
|a Wharf, Brian.
|9 58917
|
| 852 |
4 |
|
|a Ayesha Abed Library
|j General shelf
|
| 942 |
|
|
|2 ddc
|c BK
|
| 999 |
|
|
|c 4076
|d 4076
|
| 952 |
|
|
|0 0
|1 0
|2 ddc
|4 0
|6 362_709710000000000_CHA
|7 0
|9 3750
|a BRACUL
|b BRACUL
|c GEN
|d 2009-10-03
|g 0.00
|l 0
|o 362.70971 CHA
|p 3010003476
|r 2009-10-03
|t 1
|w 2009-10-03
|y BK
|x No price found in the accession register.
|